| 000 | 00554nam a2200241Ia 4500 | ||
|---|---|---|---|
| 008 | 210210b2011 xxu||||| |||| 00| 0 eng d | ||
| 020 | _a019806747X | ||
| 041 | _aeng | ||
| 082 | _a343.0998 NAIR | ||
| 100 | _aNAIB (Sudhir) | ||
| 245 | _aRight to information act 2005: a handbook | ||
| 260 |
_aNew Delhi _bOxford University Press _c2011 |
||
| 300 | _axxii,329 | ||
| 650 | _ato | ||
| 650 | _aRight | ||
| 650 | _ainformation | ||
| 650 | _ahandbook | ||
| 650 | _aact | ||
| 650 | _aa | ||
| 650 | _a2005: | ||
| 690 | _aLaw | ||
| 906 | _a066072 | ||
| 999 |
_c146774 _d146774 |
||